[Event "BCF-chT2 0506 (4NCL)"]
[Site "Birmingham"]
[Date "2006.05.01"]
[Round "11.7"]
[White "Thomas, Nicholas"]
[Black "Webster, Ian"]
[Result "1-0"]
[WhiteElo "2252"]
[BlackElo "2119"]
[PlyCount "75"]
[EventDate "2005.10.22"]
[EventType "team"]
[EventRounds "11"]
[EventCountry "ENG"]
[SourceTitle "EXT 2007"]
[Source "ChessBase"]
[SourceDate "2006.11.23"]
[SourceVersion "1"]
[SourceVersionDate "2006.11.23"]
[SourceQuality "1"]
[WhiteTeam "Warwicks Select"]
[BlackTeam "Oxford"]
[WhiteTeamCountry "ENG"]
[BlackTeamCountry "ENG"]

1. c4 c5 2. Nc3 Nf6 3. e4 Nc6 4. g3 e6 5. Bg2 Be7 6. f4 d6 7. Nf3 a6 8. 0-0 Qc7 9. d3 0-0 10. h3 Rd8 11. g4 Ra7 12. g5 Nd7 13. Be3 b6 14. Qe1 Bf8 15. Nh2 Bb7 16. Qg3 Nd4 17. Rf2 f5 18. gxf6 Nxf6 19. Bxd4 cxd4 20. Ne2 Qc5 21. a3 b5 22. e5 Ne8 23. Rc1 Qb6 24. Ng4 Bxg2 25. Kxg2 Kh8 26. f5 dxe5 27. fxe6 Nf6 28. Qxe5 Bd6 29. Qf5 bxc4 30. Rxc4 Qxb2 31. Nxd4 Qb7+ 32. Qf3 Rf8 33. Nxf6 Qxf3+ 34. Rxf3 gxf6 35. Nf5 Bxa3 36. Rg3 Rb8 37. Nh6 Bb2 38. Rcg4 1-0

[Event "BCF-chT2 0506 (4NCL)"]
[Site "Birmingham"]
[Date "2006.04.30"]
[Round "10.7"]
[White "Wilson, Alexandra"]
[Black "Webster, Ian"]
[Result "1/2-1/2"]
[WhiteElo "2099"]
[BlackElo "2119"]
[PlyCount "96"]
[EventDate "2005.10.22"]
[EventType "team"]
[EventRounds "11"]
[EventCountry "ENG"]
[SourceTitle "EXT 2007"]
[Source "ChessBase"]
[SourceDate "2006.11.23"]
[SourceVersion "1"]
[SourceVersionDate "2006.11.23"]
[SourceQuality "1"]
[WhiteTeam "Richmond"]
[BlackTeam "Oxford"]
[WhiteTeamCountry "ENG"]
[BlackTeamCountry "ENG"]

1. e4 e6 2. d4 d5 3. e5 c5 4. c3 Nc6 5. Nf3 Nge7 6. Bd3 cxd4 7. cxd4 Nf5 8. Bxf5 exf5 9. 0-0 Be6 10. Nc3 Be7 11. Qb3 Rb8 12. Bd2 g5 13. Ne2 f4 14. Ne1 Bg4 15. f3 Be6 16. Nd3 Qb6 17. Qxb6 axb6 18. g4 h5 19. h4 hxg4 20. hxg5 gxf3 21. Nexf4 Nxd4 22. Bc3 Ne2+ 23. Nxe2 fxe2 24. Rf3 Bxg5 25. Bd4 Kd7 26. Rg3 Rbg8 27. Kg2 Bh3+ 28. Kf3 Rh4 29. Bxb6 Bf5 30. Nf2 Rg6 31. Ba5 Rf4+ 32. Kxe2 Rxf2+ 33. Kxf2 Bh4 34. Rag1 Ra6 35. Bc3 Rxa2 36. Ke3 Bxg3 37. Rxg3 Ra4 38. Rf3 Ke6 39. Rf4 b5 40. Rxa4 bxa4 41. Kd4 Bc2 42. Ke3 Kf5 43. Bd4 Ke6 44. Bc3 Kd7 45. Kd4 Kc6 46. Bb4 Kb5 47. Bd6 Be4 48. Ba3 Kc6 1/2-1/2

[Event "BCF-chT2 0506 (4NCL)"]
[Site "Birmingham"]
[Date "2006.01.15"]
[Round "6.7"]
[White "Hale, Stephanie"]
[Black "Webster, Ian"]
[Result "0-1"]
[WhiteElo "1580"]
[BlackElo "2119"]
[PlyCount "66"]
[EventDate "2005.10.22"]
[EventType "team"]
[EventRounds "11"]
[EventCountry "ENG"]
[SourceTitle "EXT 2007"]
[Source "ChessBase"]
[SourceDate "2006.11.23"]
[SourceVersion "1"]
[SourceVersionDate "2006.11.23"]
[SourceQuality "1"]
[WhiteTeam "Guildford III"]
[BlackTeam "Oxford"]
[WhiteTeamCountry "ENG"]
[BlackTeamCountry "ENG"]

1. e4 e6 2. d4 d5 3. exd5 exd5 4. Nc3 c6 5. Nf3 Bd6 6. Be3 Bg4 7. Be2 Nd7 8. Qd3 Ne7 9. h3 Bf5 10. Qd2 Qc7 11. Bd3 0-0-0 12. 0-0-0 f6 13. g4 Bxd3 14. Qxd3 Ng6 15. Bd2 Nf4 16. Qf1 Rde8 17. Nh4 g6 18. Ng2 Re6 19. Kb1 Rhe8 20. f3 Nb6 21. Qf2 Ne2 22. Nxe2 Rxe2 23. Qf1 Nc4 24. Bc1 Bg3 25. f4 Rf2 26. Qg1 Ree2 27. Ne1 Bxf4 28. Bxf4 Qxf4 29. Nd3 Qxd4 30. c3 Rxb2+ 31. Ka1 Rxa2+ 32. Kb1 Na3+ 33. Kc1 Rfc2# 0-1

[Event "BCF-chT4a 0405 (4NCL)"]
[Site "Telford"]
[Date "2005.05.30"]
[Round "11.1"]
[White "Giles, Benjamin"]
[Black "Webster, Ian"]
[Result "0-1"]
[WhiteElo "2058"]
[BlackElo "2116"]
[PlyCount "28"]
[EventDate "2004.11.06"]
[EventType "team"]
[EventRounds "11"]
[EventCountry "ENG"]
[SourceTitle "EXT 2006"]
[Source "ChessBase"]
[SourceDate "2005.11.24"]
[SourceVersion "1"]
[SourceVersionDate "2005.11.24"]
[SourceQuality "1"]
[WhiteTeam "Hilsmark Kingfisher III"]
[BlackTeam "Oxford II"]
[WhiteTeamCountry "ENG"]
[BlackTeamCountry "ENG"]

1. d4 Nf6 2. c4 Nc6 3. Nc3 e5 4. d5 Ne7 5. e4 Ng6 6. Bd3 Bc5 7. Nge2 Ng4 8. Be3 Bxe3 9. fxe3 Nxe3 10. Qd2 Nh4 11. d6 Nhxg2+ 12. Kf2 c6 13. Rhg1 Qf6+ 14. Kg3 h5 0-1

[Event "BCF-chT4a 0405 (4NCL)"]
[Site "Telford"]
[Date "2005.01.15"]
[Round "3.2"]
[White "Webster, Ian"]
[Black "White, Michael JR"]
[Result "1/2-1/2"]
[WhiteElo "2116"]
[BlackElo "2166"]
[PlyCount "63"]
[EventDate "2004.11.06"]
[EventType "team"]
[EventRounds "11"]
[EventCountry "ENG"]
[SourceTitle "EXT 2006"]
[Source "ChessBase"]
[SourceDate "2005.11.24"]
[SourceVersion "1"]
[SourceVersionDate "2005.11.24"]
[SourceQuality "1"]
[WhiteTeam "Oxford II"]
[BlackTeam "Gloucestershire Gambits"]
[WhiteTeamCountry "ENG"]
[BlackTeamCountry "ENG"]

1. e4 e5 2. d4 exd4 3. c3 dxc3 4. Bc4 cxb2 5. Bxb2 d5 6. Bxd5 Nf6 7. Bxf7+ Kxf7 8. Qxd8 Bb4+ 9. Qd2 Bxd2+ 10. Nxd2 Re8 11. Ngf3 Nc6 12. 0-0 Bg4 13. Rfe1 Rad8 14. Re3 a5 15. Rb3 Bc8 16. Re1 h6 17. h3 Nb4 18. Nc4 Rxe4 19. Nfe5+ Kg8 20. Rxe4 Nxe4 21. Nxa5 Nxa2 22. Nxb7 Rd1+ 23. Kh2 Nd2 24. Rb5 Nf1+ 25. Kg1 Nd2+ 26. Kh2 c6 27. Rb6 Nf1+ 28. Kg1 Nd2+ 29. Kh2 Nf1+ 30. Kg1 Ne3+ 31. Kh2 Nf1+ 32. Kg1 1/2-1/2

[Event "BCF-chT4a 0405 (4NCL)"]
[Site "Telford"]
[Date "2004.11.06"]
[Round "1.3"]
[White "Webster, Ian"]
[Black "Song, Jinwoo James"]
[Result "1/2-1/2"]
[WhiteElo "2127"]
[BlackElo "1882"]
[PlyCount "91"]
[EventDate "2004.11.06"]
[EventType "team"]
[EventRounds "11"]
[EventCountry "ENG"]
[SourceTitle "EXT 2006"]
[Source "ChessBase"]
[SourceDate "2005.11.24"]
[SourceVersion "1"]
[SourceVersionDate "2005.11.24"]
[SourceQuality "1"]
[WhiteTeam "Oxford II"]
[BlackTeam "Conquistadors"]
[WhiteTeamCountry "ENG"]
[BlackTeamCountry "ENG"]

1. e4 e5 2. d4 exd4 3. c3 dxc3 4. Bc4 cxb2 5. Bxb2 d5 6. Bxd5 Nf6 7. Bxf7+ Kxf7 8. Qxd8 Bb4+ 9. Qd2 Bxd2+ 10. Nxd2 Re8 11. Ngf3 Nc6 12. 0-0 Kg8 13. Rfe1 Bg4 14. Bxf6 gxf6 15. Rab1 Rab8 16. Re3 Red8 17. Rb2 Kf7 18. h3 Bxf3 19. Nxf3 Ke6 20. Rc3 Rd6 21. Rc5 b6 22. Rh5 Rd7 23. e5 Nxe5 24. Nxe5 fxe5 25. Re2 Rbd8 26. Rhxe5+ Kf7 27. f4 c5 28. g4 Rd1+ 29. Kf2 R8d7 30. Rf5+ Kg7 31. Kg3 c4 32. Rg5+ Kf7 33. Rh5 Kg7 34. Rg5+ Kf7 35. Rf5+ Kg7 36. Re4 R1d3+ 37. Kh4 Rc7 38. Rg5+ Kf8 39. Rf5+ Kg7 40. Re8 c3 41. Rff8 Rdd7 42. g5 c2 43. Rg8+ Kf7 44. Rgf8+ Kg7 45. f5 c1Q 46. Rg8+ 1/2-1/2

[Event "BCF-chT4 0304 (4NCL)"]
[Site "West Bromwich "]
[Date "2004.06.20"]
[Round "11.1"]
[White "Westwood, Richard D"]
[Black "Webster, Ian"]
[Result "1-0"]
[WhiteElo "2048"]
[BlackElo "1856"]
[PlyCount "101"]
[EventDate "2003.10.??"]
[EventType "team"]
[EventRounds "11"]
[EventCountry "ENG"]
[SourceTitle "EXT 2005"]
[Source "ChessBase"]
[SourceDate "2004.11.15"]
[SourceVersion "1"]
[SourceVersionDate "2004.11.15"]
[SourceQuality "1"]
[WhiteTeam "The ADS III"]
[BlackTeam "Oxford II"]
[WhiteTeamCountry "ENG"]
[BlackTeamCountry "ENG"]

1. e4 e6 2. d4 d5 3. exd5 exd5 4. c4 Nf6 5. Nc3 c6 6. Bd3 Be6 7. cxd5 Nxd5 8. Nge2 Nd7 9. 0-0 Qh4 10. Nxd5 Bxd5 11. Nf4 0-0-0 12. g3 Qf6 13. Nxd5 cxd5 14. Bb5 Bd6 15. Qh5 Qe6 16. Bxd7+ Rxd7 17. Bd2 g6 18. Rac1+ Kb8 19. Qh6 f6 20. Rfe1 Qf7 21. Bf4 g5 22. Bxd6+ Rxd6 23. Qh3 Qd7 24. Qxd7 Rxd7 25. Re6 Rf8 26. Kg2 a6 27. Kf3 h5 28. h4 Rff7 29. Rc5 gxh4 30. gxh4 Rg7 31. Rxf6 Rg4 32. Rf4 Rdg7 33. Rxd5 Rxf4+ 34. Kxf4 Rg4+ 35. Ke3 Rxh4 36. Rc5 b6 37. Rc2 Rg4 38. f3 Rg5 39. Ke4 h4 40. d5 Rg7 41. d6 h3 42. f4 Rh7 43. Rh2 Kc8 44. Ke5 Kd7 45. f5 Rh5 46. Kf4 Kxd6 47. Kg4 Rh6 48. Rxh3 Rf6 49. Kg5 Rf8 50. Rh6+ Kc5 51. f6 1-0

[Event "BCF-chT4 0304 (4NCL)"]
[Site "West Bromwich "]
[Date "2004.03.28"]
[Round "6.5"]
[White "Eichner, Daniel"]
[Black "Webster, Ian"]
[Result "1/2-1/2"]
[WhiteElo "1544"]
[BlackElo "1856"]
[PlyCount "159"]
[EventDate "2003.10.??"]
[EventType "team"]
[EventRounds "11"]
[EventCountry "ENG"]
[SourceTitle "EXT 2005"]
[Source "ChessBase"]
[SourceDate "2004.11.15"]
[SourceVersion "1"]
[SourceVersionDate "2004.11.15"]
[SourceQuality "1"]
[WhiteTeam "Sussex Mindsports"]
[BlackTeam "Oxford II"]
[WhiteTeamCountry "ENG"]
[BlackTeamCountry "ENG"]

1. e4 c5 2. Nf3 e6 3. d4 cxd4 4. Nxd4 a6 5. Nc3 Qc7 6. Be2 Nf6 7. f4 d6 8. 0-0 Nc6 9. f5 d5 10. fxe6 Nxd4 11. exf7+ Kxf7 12. Bh5+ Kg8 13. Nxd5 Qxc2 14. Nxf6+ gxf6 15. Be3 Qxd1 16. Raxd1 Nc6 17. Rxf6 Be7 18. Rf3 h6 19. Rdf1 Rh7 20. Rg3+ Kh8 21. Bg6 Rg7 22. Bxh6 Rxg6 23. Rxg6 Kh7 24. Rff6 Bxf6 25. Rxf6 Bg4 26. Rf8 Rxf8 27. Bxf8 Be6 28. a3 Ne5 29. Bb4 b5 30. Bc3 Nd3 31. h3 Kg6 32. Kh2 Nf2 33. e5 Kf5 34. g4+ Kf4 35. Kg2 Nd3 36. Bd4 Bd5+ 37. Kh2 Ne1 38. Bf2 Nf3+ 39. Kg2 Nxe5+ 40. Kf1 Nd3 41. Bd4 Kg3 42. g5 Bf7 43. Ke2 Bg6 44. Ke3 Kxh3 45. Bf6 Kg4 46. Kd4 Kf3 47. Kd5 Be4+ 48. Kd6 Ke2 49. Kc7 a5 50. Kb6 b4 51. Kxa5 b3 52. Kb6 Kd1 53. a4 Kc2 54. a5 Nxb2 55. Kc7 Na4 56. Ba1 Nb2 57. a6 Kb1 58. Bxb2 Kxb2 59. a7 Kc3 60. g6 b2 61. g7 b1Q 62. g8Q Qb7+ 63. Kd6 Qxa7 64. Qg3+ Bd3 65. Qe1+ Kc2 66. Qe5 Qb8+ 67. Ke6 Bc4+ 68. Kf5 Qc8+ 69. Kf4 Bd3 70. Kg5 Qf8 71. Qc7+ Kd1 72. Qf4 Qg7+ 73. Kh4 Be2 74. Qd6+ Kc2 75. Qc5+ Kb1 76. Qb4+ Kc1 77. Qc5+ Kd1 78. Qd6+ Kc2 79. Qc5+ Kd3 80. Qb5+ 1/2-1/2

[Event "BCF-chT4 0304 (4NCL)"]
[Site "West Bromwich "]
[Date "2004.01.25"]
[Round "4.5"]
[White "Yeo, Gareth"]
[Black "Webster, Ian"]
[Result "0-1"]
[WhiteElo "1749"]
[BlackElo "1856"]
[PlyCount "84"]
[EventDate "2003.10.??"]
[EventType "team"]
[EventRounds "11"]
[EventCountry "ENG"]
[SourceTitle "EXT 2005"]
[Source "ChessBase"]
[SourceDate "2004.11.15"]
[SourceVersion "1"]
[SourceVersionDate "2004.11.15"]
[SourceQuality "1"]
[WhiteTeam "Nidum Liberals II"]
[BlackTeam "Oxford II"]
[WhiteTeamCountry "ENG"]
[BlackTeamCountry "ENG"]

1. d4 Nf6 2. c4 Nc6 3. Nc3 e5 4. d5 Ne7 5. Bg5 Ng6 6. a3 Bc5 7. e3 d6 8. Bd3 h6 9. Bxf6 Qxf6 10. Ne4 Qe7 11. Nxc5 dxc5 12. Bxg6 fxg6 13. Ne2 0-0 14. Ng3 e4 15. 0-0 Bf5 16. Qb3 b6 17. Rfd1 Rad8 18. h3 Rd6 19. Ne2 Qh4 20. Rf1 g5 21. Ng3 g4 22. hxg4 Bxg4 23. Nxe4 Rg6 24. Ng3 Bf3 25. e4 Bxe4 26. Nxe4 Qxe4 27. f3 Qd4+ 28. Rf2 Rf4 29. Re1 Rh4 30. Qe3 Qxc4 31. Qe8+ Kh7 32. Qe5 c6 33. dxc6 Rxc6 34. g3 Rg6 35. Kg2 Rg5 36. Qe3 Qd5 37. Rd2 Qc6 38. Qd3+ Rg6 39. Qf5 Rhg4 40. Qe5 R6g5 41. Qb8 Rxg3+ 42. Qxg3 Qg6 0-1

[Event "Southend op"]
[Site "London"]
[Date "2002.03.30"]
[Round "4"]
[White "Shaw, Kevin R"]
[Black "Webster, Ian"]
[Result "1-0"]
[WhiteElo "1528"]
[BlackElo "1808"]
[PlyCount "89"]
[EventDate "2002.03.29"]
[EventType "swiss"]
[EventRounds "7"]
[EventCountry "ENG"]
[SourceTitle "EXT 2006"]
[Source "ChessBase"]
[SourceDate "2005.11.24"]
[SourceVersion "1"]
[SourceVersionDate "2005.11.24"]
[SourceQuality "1"]

1. e4 d6 2. f4 g6 3. Nf3 Bg7 4. d4 Nf6 5. Bd3 c5 6. c3 0-0 7. 0-0 Nbd7 8. Qb3 Nb6 9. e5 dxe5 10. fxe5 Be6 11. c4 Ne8 12. d5 Bg4 13. Bf4 Qc7 14. Nbd2 Nd7 15. Rae1 f6 16. exf6 Qxf4 17. fxg7 Nxg7 18. Re4 Qf5 19. Rxe7 Qh5 20. Qc3 Qh6 21. h3 Nf5 22. Bxf5 Bxf5 23. g4 Rae8 24. Rfe1 Nf6 25. gxf5 Qxh3 26. Rxe8 Nxe8 27. Qe5 Ng7 28. f6 Nf5 29. Re2 Kh8 30. Rh2 Qg4+ 31. Rg2 Qh5 32. f7+ Ng7 33. Qxh5 Nxh5 34. Ne5 Nf4 35. Rh2 Kg7 36. Ne4 Rd8 37. Nxc5 g5 38. Ncd7 Ng6 39. Rf2 Nf8 40. Nxf8 Rxf8 41. Nd7 Rxf7 42. Rxf7+ Kxf7 43. Ne5+ Ke7 44. c5 b6 45. b4 1-0

[Event "Southend op"]
[Site "London"]
[Date "2002.03.30"]
[Round "3"]
[White "Webster, Ian"]
[Black "Moore, John C"]
[Result "0-1"]
[WhiteElo "1808"]
[BlackElo "2112"]
[PlyCount "158"]
[EventDate "2002.03.29"]
[EventType "swiss"]
[EventRounds "7"]
[EventCountry "ENG"]
[SourceTitle "EXT 2006"]
[Source "ChessBase"]
[SourceDate "2005.11.24"]
[SourceVersion "1"]
[SourceVersionDate "2005.11.24"]
[SourceQuality "1"]

1. c4 c6 2. Nf3 d5 3. g3 Nf6 4. Bg2 Bf5 5. Qb3 Qb6 6. 0-0 Nbd7 7. d4 Qxb3 8. axb3 e6 9. Ne1 Nb6 10. c5 Nbd7 11. Nc3 e5 12. e3 Be7 13. b4 0-0 14. f3 Rfd8 15. e4 Be6 16. dxe5 Nxe5 17. f4 Nc4 18. b3 d4 19. f5 dxc3 20. fxe6 Ne5 21. Bf4 Ng6 22. exf7+ Kxf7 23. e5 Nd5 24. e6+ Kg8 25. Bxd5 Rxd5 26. Rf3 Bf6 27. Nc2 Nf8 28. Re3 Rd2 29. Rxc3 Rxc2 30. Rxc2 Bxa1 31. e7 Ng6 32. Rd2 Re8 33. Rd8 Kf7 34. Bd6 Ne5 35. Kg2 g5 36. g4 Bd4 37. Bb8 Rxe7 38. Rxd4 a6 39. Re4 Nd3 40. Rd4 Ne1+ 41. Kf2 Nc2 42. Rc4 Ne3 43. Rd4 Nd5 44. h3 Re6 45. Bd6 Rf6+ 46. Kg2 Re6 47. Kf2 Kg6 48. Bg3 h6 49. Bb8 Rf6+ 50. Kg2 Kf7 51. Bd6 Ne3+ 52. Kg3 Re6 53. Kf2 Nc2 54. Rc4 Na3 55. Rc3 Nb5 56. Rd3 Re4 57. Rf3+ Ke6 58. Bf8 Rxb4 59. Bxh6 Nd4 60. Rd3 Nxb3 61. Rd6+ Ke5 62. Bg7+ Ke4 63. Rg6 Nxc5 64. Rxg5 Nd3+ 65. Kg3 Rb3 66. Kh4 c5 67. Rf5 c4 68. Ra5 c3 69. Ra4+ Ke3 70. Rc4 Kd2 71. Bxc3+ Rxc3 72. Rxc3 Kxc3 73. g5 Ne5 74. Kg3 Kd4 75. h4 Ke4 76. Kf2 b5 77. Ke2 Ng6 78. h5 Nf4+ 79. Kd2 Nxh5 0-1

[Event "Southend op"]
[Site "London"]
[Date "2002.03.29"]
[Round "2"]
[White "Hare, Roy T"]
[Black "Webster, Ian"]
[Result "0-1"]
[WhiteElo "1544"]
[BlackElo "1808"]
[PlyCount "138"]
[EventDate "2002.03.29"]
[EventType "swiss"]
[EventRounds "7"]
[EventCountry "ENG"]
[SourceTitle "EXT 2006"]
[Source "ChessBase"]
[SourceDate "2005.11.24"]
[SourceVersion "1"]
[SourceVersionDate "2005.11.24"]
[SourceQuality "1"]

1. e4 c5 2. Nf3 d6 3. Bc4 Nf6 4. c3 Nc6 5. d3 e6 6. Bb3 Be7 7. h3 0-0 8. 0-0 b5 9. Bc2 Qc7 10. Bf4 e5 11. Bh2 Qb6 12. Nbd2 Ba6 13. Re1 Rad8 14. Nf1 b4 15. Ne3 g6 16. Nd5 Nxd5 17. exd5 Nb8 18. c4 f5 19. b3 Bf6 20. Rc1 Rd7 21. Re2 Rdf7 22. Qd2 Qd8 23. Bg3 Bc8 24. Kh1 g5 25. Rf1 h5 26. Bh2 g4 27. Ng1 Bg5 28. Qd1 f4 29. d4 cxd4 30. Bg6 h4 31. Bxf7+ Rxf7 32. hxg4 Bxg4 33. f3 Bf5 34. Nh3 Nd7 35. Nf2 Nf6 36. Qd2 a5 37. Ne4 Nh5 38. Kg1 Ng3 39. Kf2 Nxf1 40. Kxf1 Bxe4 41. Rxe4 Qb6 42. Qd3 Kg7 43. Bg1 Bf6 44. Bf2 Qd8 45. Re1 Qd7 46. Ke2 Kf8 47. Rh1 Rg7 48. Kf1 Rh7 49. Qg6 Bd8 50. Rxh4 Rxh4 51. Bxh4 Bxh4 52. Qh6+ Qg7 53. Qxh4 Ke8 54. Qh3 Kd8 55. Qe6 Qe7 56. Qg8+ Qe8 57. Qg5+ Kc7 58. Qg7+ Qd7 59. Qg6 a4 60. Ke1 axb3 61. axb3 Kb6 62. Kf2 Kc5 63. Qg8 d3 64. Ke1 Qa7 65. Qc8+ Kd4 66. Qc6 Qa1+ 67. Kf2 d2 68. Qb6+ Kd3 69. g3 d1Q 0-1